Guess the city Europe - Statistics

General Stats
  • This quiz has been taken 16 times
  • The average score is 7 of 16
Answer Stats
Picture Answer % Correct
Seville
77%
Stockholm
77%
Reykjavik
62%
Salzburg
54%
Luzern
46%
Strasbourg
46%
Trondheim
46%
Gothenburg
38%
Pula
38%
Sarajevo
38%
Tbilisi
38%
Cork
31%
Ostrava
23%
Tampere
23%
Yerevan
23%
Lviv
15%
No matching quizzes found
Score Distribution
Percent of People with Each Score
Percentile by Number Answered
Your Score History
You have not taken this quiz